000
00281nam a2200109Ia 4500
005
20251222144733.0
008
251222s9999||||xx |||||||||||||| ||spa||
082
_a
352.148.5/C78
245
0
_a
Municipal Scorecard 2008:
264
_b
International Finance Corpotaration
942
_c
LIB
999
_c
18650
_d
18650